Statistics for Billboard Hot 100 Year-End Singles of 2006

Click here to take the quiz!

General Stats

  • This quiz has been taken 37 times
  • The average score is 50 of 100

Answer Stats

nSongArtist% Correct
5Hips Don't LieShakira (ft. Wyclef Jean)
100%
75Déjà VuBeyoncé (ft. Jay-Z)
96%
10Check on ItBeyoncé (ft. Slim Thug)
96%
61My LoveJustin Timberlake (ft. T.I.)
96%
9SexyBackJustin Timberlake (ft. Timbaland)
96%
34Gold DiggerKanye West (ft. Jamie Foxx)
92%
96Stupid GirlsP!nk
92%
28UnfaithfulRihanna
88%
19SOSRihanna
88%
42My HumpsThe Black Eyed Peas
85%
89Pump ItThe Black Eyed Peas
85%
22London BridgeFergie
77%
4You're BeautifulJames Blunt
77%
39Because of YouKelly Clarkson
77%
45Walk AwayKelly Clarkson
77%
95Why You WannaT.I.
77%
47What You KnowT.I.
77%
68Sugar, We're Goin DownFall Out Boy
73%
33Dance, DanceFall Out Boy
73%
6UnwrittenNatasha Bedingfield
73%
20I Write Sins Not TragediesPanic! at the Disco
73%
13Over My Head (Cable Car)The Fray
73%
27How to Save a LifeThe Fray
73%
44Yo (Excuse Me Miss)Chris Brown
69%
86Say GoodbyeChris Brown
69%
16Run It!Chris Brown (ft. Juelz Santana)
69%
69Gimme ThatChris Brown (ft. Lil Wayne)
69%
7CrazyGnarls Barkley
69%
97Feel Good Inc.Gorillaz
69%
3PromiscuousNelly Furtado (ft. Timbaland)
69%
94When You're MadNe-Yo
69%
17So SickNe-Yo
69%
51Sexy LoveNe-Yo
69%
81We Be BurninSean Paul
69%
2TemperatureSean Paul
69%
37(When You Gonna) Give It Up to MeSean Paul (ft. Keyshia Cole)
69%
66Smack ThatAkon (ft. Eminem)
65%
8Ridin'Chamillionaire (ft. Krayzie Bone)
65%
1Bad DayDaniel Powter
65%
90When I'm GoneEminem
65%
62Shake ThatEminem (ft. Nate Dogg)
65%
40StickwituPussycat Dolls
65%
15ButtonsPussycat Dolls (ft. Snoop Dogg)
65%
84BeepPussycat Dolls (ft. will.i.am)
65%
31Everytime We TouchCascada
62%
12GrillzNelly (ft. Paul Wall, Aly & Gipp)
62%
32Ain't No Other ManChristina Aguilera
58%
53Far AwayNickelback
58%
49Savin' MeNickelback
58%
38PhotographNickelback
58%
23Dani CaliforniaRed Hot Chili Peppers
58%
91Hung UpMadonna
54%
29Chasing CrasSnow Patrol
54%
78Jesus, Take the WheelCarrie Underwood
46%
21Move AlongThe All-American Rejects
46%
48Dirty Little SecretThe All-American Rejects
46%
14Me & UCassie
42%
76Life Is a HighwayRascal Flatts
42%
26What Hurts the MostRascal Flatts
42%
77Call Me When You're SoberEvanescence
38%
50Don't Forget About UsMariah Carey
38%
98I'm SprungT-Pain
38%
41I'm 'n Luv (wit a Stripper)T-Pain (ft. Mike Jones)
38%
57Black Horse and the Cherry TreeKT Tunstall
35%
24Snap Yo FingersLil Jon (ft. E-40 & Sean Paul)
35%
80Get UpCiara (ft. Chamillionaire)
31%
46Laffy TaffyD4L
31%
72Too Little Too LateJoJo
31%
64BossyKelis (ft. Too Short)
31%
30Lips of an AngelHinder
27%
87Waiting on the World to ChangeJohn Mayer
27%
35Money MakerLudacris (ft. Pharrell)
27%
99Do I Make You ProudTaylor Hicks
27%
71Who Says You Can't Go HomeBon Jovi (ft. Jennifer Nettles)
23%
36Ms. New BootyBubba Sparxxx (ft. Ying Yang Twins)
23%
74RompeDaddy Yankee
23%
60UnpredictableJamie Fox (ft. Ludacris)
23%
83You and MeLifehouse
23%
11Be Without YouMary J. Blige
23%
67One WishRay J
23%
63Pullin' Me BackChingy (ft. Tyrese)
19%
52U and DatE-40 (ft. T-Pain and Kandi Girl)
19%
58There It Go (The Whistle Song)Juelz Sanana
19%
92Stay FlyThree 6 Mafia (ft. Youg Buck and 8Ball & MJG)
19%
88Soul SurvivorYoung Jeezy (ft. Akon)
19%
73Touch ItBusta Rhymes
15%
56Do It to ItCherish (ft. Sean P)
15%
25Lean wit It, Rock wit ItDem Franchise Boyz
15%
85I Think They Like MeDem Franchize Boyz (ft. Jermaine Dupri, Da Brat and Bow Wow)
15%
54What's Left of MeNick Lachey
15%
100For You I Will (Confidence)Teddy Geiger
15%
70I Know You See ItYung Joc
15%
18It's Goin' DownYung Joc (ft. Nitti)
15%
82Hate MeBlue October
12%
79Show StopperDanity Kane (ft. Yung Joc)
12%
55So WhatField Mob (ft. CIara)
12%
43Where'd You GoFort Minor (ft. Holly Brook and Jonah Matranga)
12%
65Chain Hang LowJibbs
12%
93LoveKeyshia Cole
12%
59Shoulder LeanYoung Dro (ft. T.I.)
12%

Score Distribution

Percentile by Number Answered

Percent of People with Each Score

Your Score History

You have not taken this quiz